000
00325nam a2200145Ia 4500
008
230711s9999||||xx |||||||||||||| ||und||
041
_a
ENG
082
_a
720
_b
JU-U
100
_a
Juan,Mascaro
245
4
_a
The upanishads
250
_a
1st
260
_c
1994
_a
New Delhi
_b
Penguin Books
650
_a
Literature
942
_c
BK
999
_c
3231
_d
3231